Peniaze lekárom vyplatia už v najbližších dňoch

Bibliographic Details
Main Author: Saturyová, Adriana (Author)
Format: Article
Language:Slovak
Subjects:

MARC

LEADER 00000nab a2200000 ar4500
001 vtls009511297
003 SK-MaSNL
005 20260303061139.0
008 090511c2009 xo er|p|||||||000 b|slo
038 |a PPPK 
040 |a PPPKCL  |b slo  |c PPPKCL  |e AACR2 
041 0 |a slo 
044 |a xo  |c SK 
080 |a 614.2  |2 2001 
080 |a 616-051  |2 2001 
100 1 |a Saturyová, Adriana  |4 aut  |9 641095 
245 1 0 |a Peniaze lekárom vyplatia už v najbližších dňoch  |c Adriana Saturyová 
610 2 7 |a Nemocnica Dr. Vojtecha Alexandra (Kežmarok, Slovensko)  |2 pppkcl  |9 1036158 
648 7 |a 2009  |2 pppkcl  |9 320114 
650 0 7 |a nemocnice  |2 pppkcl  |9 3008 
650 0 7 |a lekári  |2 pppkcl  |9 3195 
651 7 |a Kežmarok (Slovensko)  |2 pppkcl  |9 26808 
773 0 |t Kežmarok  |g Roč. XVII, č. 3 (2009), s. 3 
852 |a PPPK  |b KIS3GCP 
999 |c 1734417  |d 1736347